| 000 | 00911nam a22002657a 4500 | ||
|---|---|---|---|
| 003 | BUBTL | ||
| 008 | 130622b xxu||||| |||| 00| 0 eng d | ||
| 020 | _a8121924413 | ||
| 024 | _cavailable | ||
| 037 | _cavailable | ||
| 082 |
_222 _a621.302/ T3434t/ 2005 |
||
| 100 | _aTheraja, B L | ||
| 245 |
_aA Text book of Electrical Technology : in S.I. system of units / _cB. L. Theraja, A.K. Theraja |
||
| 250 | _a24th Edn. | ||
| 260 |
_aNew Delhi: _bS. Chand and Company Ltd., _cc2003 |
||
| 270 |
_aNew Delhi _bNew Delhi _dIndia |
||
| 300 |
_axxxiii,2749 p.: _bill.; _c24 cm. |
||
| 505 | _aElectrical Technology : in S.I. system of units, B. L. Theraja, A.K. Theraja | ||
| 600 |
_aElectrical Engineering _94299 |
||
| 650 | 0 |
_94295 _aElectrical and Electronic Engineering |
|
| 700 |
_aTheraja, A.k. _94298 |
||
| 856 |
_k0 _l0 _yDownload |
||
| 942 |
_2ddc _cBK |
||
| 999 |
_c521 _d521 |
||